| 000 | 00517cam a22002171 4500 | ||
|---|---|---|---|
| 001 | sa 68006633 | ||
| 003 | DLC | ||
| 005 | 20260227112517.0 | ||
| 008 | 940527s1964 ii 000 0 sino | ||
| 010 | _asa 68006633 | ||
| 035 | _a(OCoLC)30507638 | ||
| 040 |
_aDLC _cCU _dCU _dDLC |
||
| 042 | _apremarc | ||
| 050 | 0 | 0 |
_aPK2851 _b.A7 |
| 100 | 1 | _aArukgoda, M. | |
| 245 | 1 | 0 | _aMaṭa hamuvū lēkhakayō. |
| 260 | _c[1964] | ||
| 300 |
_a284 p. _c19 cm. |
||
| 500 | _aIn Sinhalese. | ||
| 650 | 0 | _aAuthors, Sinhalese. | |
| 999 |
_c81408 _d81408 |
||